[Event "Rainbow Championships"]
[Site "Box Hill"]
[Date "2000.05.16"]
[Round "3.6"]
[White "Lee, Michelle"]
[Black "Sucevic, Milic"]
[Result "1/2-1/2"]
[WhiteElo "1495"]
[BlackElo "1682"]
[PlyCount "94"]
[EventDate "2000.??.??"]

1. e4 e6 2. d4 d5 3. e5 c5 4. c3 Nc6 5. Nf3 Qb6 6. Bd3 h6 7. dxc5 Bxc5 8. b4
Be7 9. O-O Qc7 10. Re1 Bd7 11. Na3 a6 12. b5 Na5 13. Qe2 axb5 14. Nxb5 Bxb5 15.
Bxb5+ Nc6 16. c4 Rd8 17. Be3 Bb4 18. Rec1 Nge7 19. Rab1 O-O 20. cxd5 Nxd5 21.
Bc5 Bxc5 22. Rxc5 Nde7 23. Nd2 Rd5 24. Rc3 Rxe5 25. Qg4 f5 26. Qg3 f4 27. Qg4
Qa5 28. Rc2 Nd4 29. Rcb2 f3 30. Qxd4 Rd5 31. Qe3 Rf6 32. Nxf3 Qc7 33. Bd3 Qd6
34. Bc2 Rc5 35. Be4 Nd5 36. Bxd5 Rxd5 37. Rd2 Rxd2 38. Qxd2 Qa6 39. Qd8+ Kh7
40. Qb6 Qxa2 41. Qxb7 Qe2 42. Re1 Qa2 43. Qb1+ Qxb1 44. Rxb1 Kg6 45. Rb5 Rf4
46. Ne5+ Kf6 47. g3 Ra4 1/2-1/2

[Event "Rainbow Championships"]
[Site "Box Hill"]
[Date "2000.05.16"]
[Round "3.7"]
[White "Neymanis, Eric"]
[Black "Gunawan, Andy"]
[Result "1-0"]
[WhiteElo "1499"]
[BlackElo "1472"]
[PlyCount "95"]
[EventDate "2000.??.??"]

1. d4 e6 2. c4 c5 3. d5 exd5 4. cxd5 d6 5. Nc3 g6 6. g3 Bg7 7. e4 Ne7 8. f3 O-O
9. Bg2 b5 10. Nxb5 Qa5+ 11. Nc3 Bxc3+ 12. bxc3 Qxc3+ 13. Bd2 Qa3 14. Ne2 Nd7
15. O-O Ne5 16. f4 Ng4 17. Rf3 Qa6 18. h3 Nf6 19. Rc3 Rb8 20. a3 Bd7 21. g4 c4
22. Ng3 Ba4 23. Qe2 Rb3 24. Qxc4 Qxc4 25. Rxc4 Rxg3 26. Rxa4 Rb8 27. Rb4 Rxb4
28. Bxb4 Nxe4 29. Re1 f5 30. gxf5 gxf5 31. Kh2 Rd3 32. Bxe4 fxe4 33. Rxe4 Nxd5
34. Bxd6 Nxf4 35. Bxf4 Rxa3 36. Re7 a5 37. Bh6 Ra2+ 38. Kg3 a4 39. Ra7 Ra3+ 40.
Kg4 Rb3 41. Rxa4 Rb6 42. Bf4 Rg6+ 43. Kf3 Rf6 44. h4 Kf7 45. h5 Rf5 46. Kg4 Rf6
47. Kg5 Ke7 48. Ra7+ 1-0

[Event "Rainbow Championships"]
[Site "Box Hill"]
[Date "2000.05.16"]
[Round "3.8"]
[White "Goudy, Arthur"]
[Black "Hartland, Gerrit"]
[Result "1/2-1/2"]
[WhiteElo "1355"]
[BlackElo "1572"]
[Annotator "Arthur Goudy"]
[PlyCount "82"]
[EventDate "2000.??.??"]

1. e4 Nf6 2. e5 Nd5 3. d4 e6 4. c4 Nb6 5. Nf3 d6 6. exd6 cxd6 7. Nc3 Nc6 8. Be3
Be7 9. a3 Bf6 10. Bd3 O-O 11. O-O e5 12. d5 Ne7 13. Qc2 Ng6 14. h3 Bd7 15. Rfe1
Rc8 16. b3 Re8 17. Bd2 Qc7 18. Rac1 Re7 19. a4 a5 20. Ne4 Rce8 21. Bxa5 Ra8 22.
Bb4 Nc8 23. Bd2 (23. c5 $142) 23... b6 24. g4 Re8 25. Nxf6+ gxf6 26. Kh2 Kg7
27. g5 fxg5 28. Nxg5 Nce7 29. Rg1 f5 30. Be2 f4 31. Bd3 Rf8 32. h4 (32. Nxh7
$142) 32... Qc8 33. h5 Rh8 34. Bf1 Bf5 35. Bd3 Kf6 36. Bxf5 Nxf5 37. hxg6 hxg6+
38. Nh3 Ne7 39. Qd3 Rh4 40. Rg5 Qc5 41. Be3 fxe3 {
The rest of the game was not recorded} 1/2-1/2

[Event "Rainbow Championships"]
[Site "Box Hill"]
[Date "2000.05.16"]
[Round "3.9"]
[White "Symington, John"]
[Black "Andrews, Paul"]
[Result "1-0"]
[WhiteElo "1403"]
[BlackElo "1207"]
[PlyCount "65"]
[EventDate "2000.??.??"]

1. e4 c5 2. Bc4 e6 3. Nf3 Nc6 4. O-O d6 5. d4 Nf6 6. Re1 cxd4 7. Nxd4 Nxd4 8.
Qxd4 e5 9. Qe3 Be7 10. Nc3 O-O 11. Qg3 Kh8 12. b3 Bd7 13. Ba3 a6 14. Rad1 Qa5
15. Bxd6 Bxd6 16. Rxd6 Bc6 17. Rdd1 b5 18. Bd5 Rfc8 19. Bxf7 b4 20. Nd5 Bxd5
21. exd5 Rf8 22. Be6 Qc5 23. Rd2 Rad8 24. Rxe5 h5 25. Qg5 Qc3 26. Qxh5+ Nh7 27.
Qe2 Qa1+ 28. Qe1 Qxa2 29. h3 Nf6 30. Qd1 Qb2 31. Rh5+ Nh7 32. Rxh7+ Kxh7 33.
Qh5# 1-0

[Event "Rainbow Championships"]
[Site "Box Hill"]
[Date "2000.05.16"]
[Round "3.10"]
[White "Sucevic, Andrew"]
[Black "O'Connor, Phillip"]
[Result "1/2-1/2"]
[WhiteElo "1415"]
[BlackElo "1427"]
[PlyCount "109"]
[EventDate "2000.??.??"]

1. e4 Nf6 2. e5 Nd5 3. c4 Nb6 4. c5 Nd5 5. Bc4 e6 6. Bxd5 exd5 7. d4 Be7 8. Nc3
c6 9. Nge2 b6 10. cxb6 axb6 11. O-O d6 12. f4 dxe5 13. fxe5 O-O 14. Kh1 Be6 15.
Nf4 Bd7 16. a3 Na6 17. Be3 Nc7 18. b4 Ne6 19. Nxe6 Bxe6 20. Ne2 Qc7 21. Qc2 f6
22. exf6 Bxf6 23. Bf4 Qa7 24. Qxc6 Bf7 25. Qb5 Rfe8 26. Qd3 Qa6 27. Qxa6 Rxa6
28. Be5 Bxe5 29. dxe5 Rxe5 30. Nd4 Bg6 31. Nf3 Re3 32. Rfd1 Be4 33. Ng5 Rexa3
34. Rxa3 Rxa3 35. Nxe4 dxe4 36. g3 Rb3 37. Rd4 e3 38. Re4 Kf7 39. Kg2 Rb2+ 40.
Kf3 e2 41. Rxe2 Rxe2 42. Kxe2 Ke6 43. Ke3 Ke5 44. h3 b5 45. Kd3 Kd5 46. g4 h6
47. h4 g6 48. g5 hxg5 49. hxg5 Ke5 50. Ke3 Kf5 51. Kd4 Kxg5 52. Kc5 Kf5 53.
Kxb5 g5 54. Ka6 Ke6 55. b5 1/2-1/2

[Event "Rainbow Championships"]
[Site "Box Hill"]
[Date "2000.05.16"]
[Round "3.11"]
[White "Kenney, Tom"]
[Black "Mihalopoulos, Tony"]
[Result "0-1"]
[WhiteElo "1189"]
[BlackElo "1146"]
[PlyCount "98"]
[EventDate "2000.??.??"]

1. e4 c5 2. Nf3 e6 3. g3 Nc6 4. c3 d5 5. exd5 Qxd5 6. Bg2 Nf6 7. O-O Qh5 8. d4
Bd7 9. Be3 Rd8 10. Qe2 Be7 11. Re1 O-O 12. Nbd2 Rfe8 13. Ne5 Qxe2 14. Rxe2 Nxe5
15. dxe5 Nd5 16. Rae1 Bc6 17. Nf3 h6 18. Bc1 Rd7 19. Kh1 Red8 20. Rf1 Bb5 21.
Ree1 Bxf1 22. Rxf1 Nc7 23. h4 Rd1 24. Be3 Rxf1+ 25. Bxf1 Rd1 26. Kg2 Rb1 27. b3
Nd5 28. Bd3 Ra1 29. c4 Nxe3+ 30. fxe3 Rxa2+ 31. Kh3 Rb2 32. Be4 Rxb3 33. Kg4 b6
34. Kf4 Rb2 35. Ne1 g5+ 36. hxg5 Bxg5+ 37. Kf3 Rb3 38. Bd3 a5 39. Ke4 a4 40.
Nc2 a3 41. Na1 Rb4 42. Nc2 Ra4 43. Na1 Ra7 44. Kf3 f6 45. exf6 Bxf6 46. g4 Bxa1
47. Ke2 Bc3 48. Kd1 a2 49. Kc2 a1=Q 0-1

[Event "Rainbow Championships"]
[Site "Box Hill"]
[Date "2000.05.16"]
[Round "3.13"]
[White "Farrelly, Cathy"]
[Black "Mihalopoulos, Jason"]
[Result "1/2-1/2"]
[WhiteElo "768"]
[BlackElo "828"]
[PlyCount "36"]
[EventDate "2000.??.??"]

1. d4 Nf6 2. e3 d6 3. Nc3 Nc6 4. Nf3 e5 5. h3 exd4 6. exd4 Qe7+ 7. Qe2 Qxe2+ 8.
Bxe2 Bf5 9. Bd3 Bxd3 10. cxd3 Nb4 11. Kd2 O-O-O 12. a3 Nc6 13. b4 g6 14. Kc2
Kd7 15. g4 Re8 16. Bd2 Bg7 17. Rae1 b6 18. Rxe8 Rxe8 1/2-1/2

[Event "Rainbow Championships"]
[Site "Box Hill"]
[Date "2000.05.30"]
[Round "4.1"]
[White "Waller, Tony"]
[Black "Rozycki, Edyta"]
[Result "0-1"]
[WhiteElo "1945"]
[BlackElo "1979"]
[PlyCount "66"]
[EventDate "2000.??.??"]

1. g3 d5 2. Bg2 g6 3. Nf3 Bg7 4. O-O e5 5. d3 Ne7 6. e4 d4 7. c3 O-O 8. cxd4
exd4 9. Bf4 c5 10. Nbd2 Be6 11. Qc2 b6 12. Nc4 Nbc6 13. a3 h6 14. h4 f6 15. b3
Qd7 16. Kh2 g5 17. Bd2 Bg4 18. b4 Ng6 19. hxg5 fxg5 20. Ng1 cxb4 21. axb4 Rac8
22. Qa2 Kh7 23. b5 Nce5 24. Qxa7 Qxb5 25. Rab1 Qd7 26. Qxd7 Nxd7 27. f4 gxf4
28. gxf4 Nc5 29. Rxb6 Nxd3 30. Nd6 Rc2 31. f5 Be5+ 32. Kh1 Nh4 33. Rb7+ Kh8 0-1

[Event "Rainbow Championships"]
[Site "Box Hill"]
[Date "2000.05.30"]
[Round "4.2"]
[White "Beattie, Roger"]
[Black "Raine, Marcus"]
[Result "0-1"]
[WhiteElo "1833"]
[BlackElo "1870"]
[PlyCount "113"]
[EventDate "2000.??.??"]

1. d4 d5 2. e3 e6 3. Nf3 Nf6 4. Bd3 c5 5. c3 Nbd7 6. Nbd2 Bd6 7. O-O O-O 8. Qe2
Re8 9. Re1 cxd4 10. Nxd4 Nc5 11. Bb5 Re7 12. b4 Nce4 13. Nxe4 Nxe4 14. Bb2 e5
15. Nb3 Rc7 16. Rac1 f5 17. Bd3 Nf6 18. Bb1 Be6 19. f3 Qe7 20. Nd2 Rac8 21. e4
dxe4 22. fxe4 f4 23. a3 Ng4 24. Bd3 Bc5+ 25. bxc5 Qxc5+ 26. Kh1 Nf2+ 27. Kg1
Nxd3+ 28. Kh1 Nxb2 29. Nf3 Na4 30. Ng5 Bc4 31. Qh5 h6 32. Nf3 Re7 33. Red1 Nb2
34. Rd2 Nd3 35. Rf1 Rc6 36. Nh4 f3 37. Rxf3 Qb5 38. h3 Kh7 39. Nf5 Rec7 40. Qe8
Rc8 41. Qe7 R6c7 42. Qh4 Qb1+ 43. Kh2 Qe1 44. Rg3 Qxd2 45. Nd6 g5 46. Qg4 Qf4
47. Qh5 Nf2 48. Nf5 Rc6 49. Kg1 Rf8 50. Rf3 Bf7 51. Rxf4 Bxh5 52. Rxf2 Rxc3 53.
g3 Bg6 54. Kg2 Rxa3 55. Rb2 b6 56. Nd6 Rff3 57. Nc4 0-1

[Event "Rainbow Championships"]
[Site "Box Hill"]
[Date "2000.05.30"]
[Round "4.3"]
[White "Lugo, Ruperto"]
[Black "Flude, David"]
[Result "1/2-1/2"]
[WhiteElo "1470"]
[BlackElo "1789"]
[PlyCount "66"]
[EventDate "2000.??.??"]

1. d4 Nf6 2. c4 c5 3. d5 e5 4. Bg5 d6 5. Bxf6 Qxf6 6. e4 g6 7. Nc3 Bg7 8. Be2
O-O 9. Nf3 a6 10. O-O Qe7 11. Qc2 f5 12. Rfe1 f4 13. Na4 Nd7 14. Qb3 g5 15. Nd2
Nf6 16. Nb6 Rb8 17. Nxc8 Rbxc8 18. Qh3 Qf7 19. Bg4 Nxg4 20. Qxg4 Qg6 21. Nf3 h6
22. Qd7 Qf6 23. Red1 g4 24. Qxg4 b5 25. b3 Kh8 26. Nh4 Rg8 27. Ng6+ Kh7 28. Nh4
Rc7 29. Qf5+ Qxf5 30. Nxf5 Bf8 31. a4 b4 32. Rd3 Rg6 33. g3 Be7 1/2-1/2

[Event "Rainbow Championships"]
[Site "Box Hill"]
[Date "2000.05.30"]
[Round "4.4"]
[White "Lawson, Shane"]
[Black "Jenkins, Keith"]
[Result "1-0"]
[WhiteElo "1689"]
[BlackElo "1680"]
[PlyCount "100"]
[EventDate "2000.??.??"]

1. e4 e6 2. d3 d5 3. Nd2 c5 4. Ngf3 Nc6 5. g3 g6 6. Bg2 Bg7 7. O-O Nf6 8. exd5
exd5 9. Re1+ Be6 10. Ng5 Qc8 11. Nxe6 fxe6 12. Bh3 Nd8 13. Qe2 O-O 14. Bxe6+
Nxe6 15. Qxe6+ Qxe6 16. Rxe6 Rae8 17. Rxe8 Rxe8 18. Kf1 Ng4 19. Nf3 Rf8 20. Kg2
Re8 21. h3 Ne5 22. Nxe5 Rxe5 23. Kf1 Re6 24. c3 Kf7 25. Bd2 a6 26. Re1 Be5 27.
f4 Bd6 28. Rxe6 Kxe6 29. Kf2 c4 30. dxc4 dxc4 31. Kf3 b5 32. Ke4 Bc7 33. g4 Bb8
34. f5+ gxf5+ 35. gxf5+ Kf7 36. Bg5 Bd6 37. Kd5 Bf8 38. Kc6 b4 39. Kd5 b3 40.
axb3 cxb3 41. Kc4 h6 42. Bh4 Bd6 43. Kxb3 Bf4 44. Ka4 Bc1 45. b4 Bd2 46. c4 h5
47. b5 axb5+ 48. cxb5 Bc3 49. b6 Ke8 50. Bg3 Bd4 {Time} 1-0

[Event "Rainbow Championships"]
[Site "Box Hill"]
[Date "2000.05.30"]
[Round "4.5"]
[White "Lee, Michelle"]
[Black "Comopoulos, George"]
[Result "1-0"]
[WhiteElo "1495"]
[BlackElo "1600"]
[PlyCount "56"]
[EventDate "2000.??.??"]

1. e4 e6 2. d4 d5 3. Nc3 Nf6 4. e5 Nfd7 5. f4 c5 6. Nf3 Qb6 7. Na4 Qa5+ 8. c3
Nc6 9. Be3 cxd4 10. b4 Qd8 11. Nxd4 Nxd4 12. Qxd4 f6 13. Bb5 Be7 14. Nc5 Bxc5
15. Qxc5 a6 16. Ba4 b5 17. Qc6 Rb8 18. Qxe6+ Qe7 19. Qxe7+ Kxe7 20. exf6+ Nxf6
21. Bc2 Re8 22. O-O Kf7 23. Rae1 Bb7 24. Bd4 h6 25. Re5 g6 26. f5 g5 27. Rfe1
Rbc8 28. Bb3 Bc6 1-0

[Event "Rainbow Championships"]
[Site "Box Hill"]
[Date "2000.05.30"]
[Round "4.6"]
[White "Stanning, Trevor"]
[Black "Sucevic, Milic"]
[Result "0-1"]
[WhiteElo "1581"]
[BlackElo "1682"]
[PlyCount "78"]
[EventDate "2000.??.??"]

1. e4 c5 2. Nf3 Nc6 3. Bd3 g6 4. c3 Bg7 5. Bc2 d5 6. exd5 Qxd5 7. Qe2 Bg4 8.
Be4 Qd6 9. h3 Bxf3 10. Bxf3 Nf6 11. Na3 a6 12. Nc4 Qc7 13. a4 e6 14. O-O O-O
15. a5 Rad8 16. b3 Rfe8 17. Ba3 Bf8 18. Bb2 Nd5 19. g3 Bg7 20. h4 Ne5 21. Nxe5
Bxe5 22. Bg2 Bg7 23. Rfc1 Qd7 24. Ba3 Qc8 25. Ra2 Rd7 26. Qc4 Bf8 27. Bh3 Red8
28. Qe2 Rc7 29. Qf3 Bh6 30. Re1 Rc6 31. Re4 Qc7 32. Ra4 f5 33. Bg2 e5 34. Qe2
e4 35. Bf1 Nf6 36. Qd1 e3 37. Bc4+ Kh8 38. Bc1 exf2+ 39. Kxf2 Ne4+ 0-1

[Event "Rainbow Championships"]
[Site "Box Hill"]
[Date "2000.05.30"]
[Round "4.7"]
[White "Goudy, Arthur"]
[Black "Neymanis, Eric"]
[Result "0-1"]
[WhiteElo "1355"]
[BlackElo "1499"]
[PlyCount "80"]
[EventDate "2000.??.??"]

1. e4 c5 2. Nf3 d6 3. d4 cxd4 4. Nxd4 Nc6 5. Nc3 a6 6. Bc4 e6 7. Be3 Ne5 8. Bb3
Bd7 9. f4 Nc6 10. a4 g6 11. Qd2 Bg7 12. O-O Nge7 13. Rad1 O-O 14. Nxc6 Bxc6 15.
Bd4 e5 16. fxe5 dxe5 17. Bc5 Qc7 18. Nd5 Bxd5 19. Bxd5 Qxc5+ 20. Kh1 Nxd5 21.
exd5 Qd6 22. c4 b6 23. b3 f5 24. Rde1 e4 25. Qe3 a5 26. Re2 Rae8 27. Ref2 Qc5
28. Qxc5 bxc5 29. Re2 e3 30. Rf3 Bd4 31. Rf1 Rb8 32. Rb1 f4 33. Kg1 g5 34. Kf1
g4 35. h3 f3 36. gxf3 gxf3 37. Rh2 Rf6 38. Rc2 Rg6 39. Rh2 e2+ 40. Ke1 Rg1+ 0-1

[Event "Rainbow Championships"]
[Site "Box Hill"]
[Date "2000.05.30"]
[Round "4.8"]
[White "Gunawan, Andy"]
[Black "Hartland, Gerrit"]
[Result "1/2-1/2"]
[WhiteElo "1472"]
[BlackElo "1572"]
[PlyCount "57"]
[EventDate "2000.??.??"]

1. d4 Nf6 2. c4 e6 3. Nc3 Bb4 4. Bd2 O-O 5. a3 Bxc3 6. Bxc3 c5 7. Nf3 Nc6 8.
Qd3 d5 9. g3 Ne4 10. Rd1 Nxc3 11. Qxc3 b6 12. Bg2 Bb7 13. O-O Qf6 14. cxd5 exd5
15. dxc5 Qxc3 16. bxc3 Ne7 17. Ne5 Rfd8 18. c6 Nxc6 19. Nxc6 Bxc6 20. c4 Rd6
21. cxd5 Bxd5 22. Rfe1 Rad8 23. e4 Bc4 24. Rb1 f6 25. f4 Bd3 26. Rb3 Bc4 27.
Rc3 b5 28. e5 fxe5 29. Rxe5 1/2-1/2

[Event "Rainbow Championships"]
[Site "Box Hill"]
[Date "2000.05.30"]
[Round "4.9"]
[White "Sucevic, Andrew"]
[Black "Symington, John"]
[Result "0-1"]
[WhiteElo "1415"]
[BlackElo "1403"]
[PlyCount "106"]
[EventDate "2000.??.??"]

1. e4 d6 2. d4 Nf6 3. Nc3 g6 4. f4 Bg7 5. Nf3 Nbd7 6. Bc4 c6 7. O-O O-O 8. Be3
b5 9. Bb3 Ba6 10. Re1 b4 11. Ne2 Nxe4 12. Nc1 Bb5 13. Bd2 Nxd2 14. Qxd2 c5 15.
c3 a5 16. dxc5 dxc5 17. cxb4 axb4 18. Ng5 e6 19. Bxe6 Bd4+ 20. Kh1 fxe6 21.
Nxe6 Qf6 22. Nxf8 Rxf8 23. Rb1 Qxf4 24. Qxf4 Rxf4 25. Nb3 Bd3 26. Re8+ Kf7 27.
Rbe1 Rf1+ 28. Rxf1+ Bxf1 29. Re1 Bc4 30. Nxd4 cxd4 31. b3 Bd3 32. Rd1 Ne5 33.
Kg1 Ke6 34. Kf2 Kd5 35. Kg3 Bc2 36. Re1 d3 37. Kf4 Ng4 38. Kxg4 d2 39. Rf1
d1=Q+ 40. Rxd1+ Bxd1+ 41. Kg5 Bc2 42. Kh6 Bb1 43. Kxh7 Ke6 44. Kh6 Kf6 45. h4
Bxa2 46. g4 Bxb3 47. g5+ Kf5 48. h5 gxh5 49. g6 h4 50. g7 h3 51. Kh7 h2 52.
g8=Q Bxg8+ 53. Kxg8 h1=Q 0-1

[Event "Rainbow Championships"]
[Site "Box Hill"]
[Date "2000.05.30"]
[Round "4.10"]
[White "Andrews, Paul"]
[Black "O'Connor, Phil"]
[Result "0-1"]
[WhiteElo "1207"]
[BlackElo "1427"]
[PlyCount "86"]
[EventDate "2000.??.??"]

1. d4 Nf6 2. c4 c5 3. e3 g6 4. Nc3 cxd4 5. exd4 Bg7 6. Nf3 O-O 7. Be2 d5 8. c5
Nc6 9. O-O Re8 10. Be3 a6 11. h3 Bf5 12. a3 b6 13. Ne5 Nxe5 14. dxe5 Nd7 15.
Nxd5 bxc5 16. f4 Qc8 17. Rc1 e6 18. Nc3 Rd8 19. Qe1 c4 20. Nd1 Qb8 21. Bxc4 Nb6
22. Be2 Nd5 23. b4 Nxe3 24. Nxe3 Be4 25. Qf2 Qb7 26. Nc4 Bd5 27. Nd6 Qe7 28.
Rc5 Rxd6 29. exd6 Qxd6 30. Rd1 Qe7 31. Bf3 Bxf3 32. Qxf3 Rd8 33. Rcc1 Re8 34.
Kh1 Qf6 35. Rd3 e5 36. fxe5 Rxe5 37. Qxf6 Bxf6 38. Rd6 Bg5 39. Rxa6 Bxc1 40.
Ra8+ Kg7 41. a4 Bf4 42. Kg1 Bg3 43. Kf1 Re1# 0-1

[Event "Rainbow Championships"]
[Site "Box Hill"]
[Date "2000.06.06"]
[Round "5.1"]
[White "Rozycki, Edyta"]
[Black "Raine, Marcus"]
[Result "1-0"]
[WhiteElo "1979"]
[BlackElo "1870"]
[PlyCount "33"]
[EventDate "2000.??.??"]

1. e4 c5 2. d4 cxd4 3. c3 dxc3 4. Nxc3 d6 5. Bc4 Nc6 6. Nf3 Nf6 7. e5 dxe5 8.
Qxd8+ Kxd8 9. Ng5 Kc7 10. Nxf7 Rg8 11. Nxe5 e6 12. Bf4 b6 13. O-O-O Nh5 14.
Nb5+ Kb7 15. Nxc6 Kxc6 16. Be5 Bc5 17. Nc7 1-0

[Event "Rainbow Championships"]
[Site "Box Hill"]
[Date "2000.06.06"]
[Round "5.2"]
[White "Waller, Tony"]
[Black "Beattie, Roger"]
[Result "1-0"]
[WhiteElo "1945"]
[BlackElo "1833"]
[PlyCount "51"]
[EventDate "2000.??.??"]

1. g3 e6 2. Bg2 d5 3. Nf3 Bd6 4. O-O Nd7 5. d4 f5 6. c4 c6 7. Nc3 Ngf6 8. Qc2
Ne4 9. Ne1 Qf6 10. e3 O-O 11. Nxe4 dxe4 12. f3 exf3 13. Nxf3 c5 14. Bd2 g5 15.
e4 g4 16. e5 Qg7 17. Ng5 Nxe5 18. dxe5 Bxe5 19. Rae1 Bd4+ 20. Kh1 Rf6 21. Nxe6
Bxe6 22. Rxe6 Raf8 23. Rfe1 Bf2 24. R1e2 Rxe6 25. Rxe6 Bd4 26. Bd5 1-0

[Event "Rainbow Championships"]
[Site "Box Hill"]
[Date "2000.06.06"]
[Round "5.3"]
[White "Flude, David"]
[Black "Jenkins, Keith"]
[Result "1-0"]
[WhiteElo "1789"]
[BlackElo "1680"]
[Annotator "David Flude"]
[PlyCount "71"]
[EventDate "2000.??.??"]

1. d4 d5 2. Nc3 Nf6 3. e4 dxe4 4. f3 exf3 5. Nxf3 Bg4 6. h3 Bxf3 7. Qxf3 c6 8.
Qf2 e6 9. Bd3 Be7 10. O-O O-O 11. Qh4 g6 12. Bh6 {
No this is not the book line but I am keeping what it is a secret.} 12... Nh5
13. Qf2 Bh4 14. Qe3 Bf6 15. Rxf6 Nxf6 16. Bg5 Nd5 17. Nxd5 Qxd5 18. c4 Qd7 {
A fatal mistake. This square must be kept for the knight.} (18... Qa5 19. b4 {
It is extremely risky to take the pawn. For example} 19... Qxb4 20. Rb1 Qd6 21.
Rxb7 Nd7 22. c5 Qd5 23. Be4 Qxa2 24. Rxd7 Qa1+ 25. Kh2) (18... Qd6 19. c5 Qd5
20. Be4 Qc4 21. b3 (21. Bd3 Qd5 {draws by repetition.}) 21... Qb4 {is unclear.}
) 19. Bf6 Rd8 20. Qh6 Qxd4+ 21. Bxd4 Rxd4 22. Qe3 c5 23. Rf1 Nc6 24. Be4 Rc8
25. Bxc6 Rxc6 26. b3 Rcd6 27. Qf3 Rd7 28. Qg3 b6 29. Qb8+ Kg7 30. Qe5+ Kg8 31.
Qf6 Rd2 32. h4 h6 33. h5 g5 34. Qxh6 Rxa2 35. Qxg5+ Kh8 36. Qf6+ 1-0

[Event "Rainbow Championships"]
[Site "Box Hill"]
[Date "2000.06.06"]
[Round "5.4"]
[White "Lugo, Ruperto"]
[Black "Lawson, Shane"]
[Result "1-0"]
[WhiteElo "1470"]
[BlackElo "1689"]
[PlyCount "68"]
[EventDate "2000.??.??"]

1. d4 Nf6 2. c4 e5 3. dxe5 Ng4 4. e4 Nxe5 5. Nc3 Bb4 6. Qc2 a5 7. a3 Bc5 8. Be2
Nbc6 9. Bf4 Nd4 10. Qd1 Qe7 11. Nd5 Qd6 12. Nf3 Ndxf3+ 13. Bxf3 c6 14. Bxe5
Qxe5 15. Nc3 O-O 16. O-O d6 17. Bg4 f5 18. Bf3 Be6 19. Qd3 Bd4 20. Rac1 fxe4
21. Bxe4 Rf4 22. Rce1 Qf6 23. Bxh7+ Kf7 24. Ne4 Qe5 25. Qe2 Bg4 26. Qd3 c5 27.
Nc3 Bxf2+ 28. Kh1 Bxe1 29. Qd5+ Be6 30. Qxb7+ Kf6 31. Rxf4+ Qxf4 32. Ne4+ Qxe4
33. Qxe4 Rh8 34. Qg6+ Ke5 1-0

[Event "Rainbow Championships"]
[Site "Box Hill"]
[Date "2000.06.06"]
[Round "5.5"]
[White "Comopoulos, George"]
[Black "Sucevic, Milic"]
[Result "0-1"]
[WhiteElo "1600"]
[BlackElo "1682"]
[PlyCount "80"]
[EventDate "2000.??.??"]

1. e4 c5 2. Nf3 Nc6 3. d4 cxd4 4. Nxd4 a6 5. Be2 g6 6. Be3 Bg7 7. O-O e6 8. Nc3
Nge7 9. Nxc6 Nxc6 10. Bc5 Bxc3 11. bxc3 Qa5 12. Bd6 Qxc3 13. Qc1 Qg7 14. Rd1 f6
15. Rb1 h5 16. Qb2 Kf7 17. Qb6 Re8 18. Qc7 Kg8 19. Rb3 Kh7 20. Rg3 Qh6 21. Rh3
e5 22. Rdd3 Qc1+ 23. Bf1 Nd4 24. Rxd4 exd4 25. Bf4 Qe1 26. Qd6 Kg7 27. e5 Rxe5
28. Bh6+ Kf7 29. Qf8+ Ke6 30. Qg8+ Kd6 31. Bf8+ Kc7 32. Qc4+ Kd8 33. Bd6 Re6
34. Bc7+ Ke7 35. Qxd4 Qe4 36. Qc5+ Kf7 37. Bc4 Qe1+ 38. Bf1 b6 39. Qd5 Qe4 40.
Bc4 b5 0-1

[Event "Rainbow Championships"]
[Site "Box Hill"]
[Date "2000.06.06"]
[Round "5.6"]
[White "Lee, Michelle"]
[Black "Stanning, Trevor"]
[Result "1-0"]
[WhiteElo "1495"]
[BlackElo "1581"]
[PlyCount "61"]
[EventDate "2000.??.??"]

1. e4 d5 2. exd5 Nf6 3. d4 g6 4. Bb5+ Bd7 5. Bxd7+ Qxd7 6. c4 c6 7. dxc6 Nxc6
8. Nf3 Qe6+ 9. Qe2 Qxe2+ 10. Kxe2 Bg7 11. Nc3 O-O 12. Be3 Ng4 13. Rad1 e5 14.
d5 Na5 15. b3 Nxe3 16. fxe3 Rac8 17. Ne4 f5 18. Neg5 Bf6 19. Ne6 Rfe8 20. e4
Nxc4 21. bxc4 Rxc4 22. exf5 gxf5 23. Rc1 Rb4 24. Rhd1 Rb2+ 25. Rd2 e4 26. Nfg5
Rb6 27. d6 h6 28. d7 Rexe6 29. Nxe6 Rxe6 30. d8=Q+ Bxd8 31. Rxd8+ 1-0

[Event "Rainbow Championships"]
[Site "Box Hill"]
[Date "2000.06.06"]
[Round "5.7"]
[White "Neymanis, Eric"]
[Black "Hartland, Gerrit"]
[Result "1/2-1/2"]
[WhiteElo "1499"]
[BlackElo "1572"]
[PlyCount "116"]
[EventDate "2000.??.??"]

1. d4 Nf6 2. c4 e6 3. Nc3 Bb4 4. a3 Bxc3+ 5. bxc3 d5 6. cxd5 exd5 7. e3 O-O 8.
c4 c6 9. cxd5 cxd5 10. Be2 Nc6 11. Nf3 Bf5 12. O-O Rc8 13. Bd3 Bxd3 14. Qxd3
Ne4 15. Nd2 Re8 16. Nxe4 Rxe4 17. f3 Re8 18. Bd2 Rc7 19. Rac1 Rce7 20. Rb1 Qd7
21. f4 Re4 22. Rf3 b6 23. Rbf1 f5 24. Rg3 Qf7 25. Qb5 Qe6 26. Qa6 Re7 27. Qb5
Nb8 28. Rc1 a6 29. Qb3 b5 30. a4 Rb7 31. Rc5 Kf7 32. axb5 Rxb5 33. Rxb5 axb5
34. Qxb5 Nd7 35. Kf2 Nb6 36. Qc5 Nd7 37. Qc7 Qe7 38. Qb7 Qe6 39. Qc8 Nb6 40.
Qh8 Qh6 41. Rh3 Qg6 42. Qxh7 Nc4 43. Qxg6+ Kxg6 44. Rg3+ Kf6 45. Bc1 Re8 46. h4
Nd6 47. Rh3 Rc8 48. Rh1 Ne4+ 49. Kf3 Rc2 50. Rf1 Kg6 51. g4 fxg4+ 52. Kxg4 Rg2+
53. Kh3 Rg3+ 54. Kh2 Kh5 55. Rg1 Rxg1 56. Kxg1 Kxh4 57. Kg2 Kg4 58. Ba3 g6
1/2-1/2

[Event "Rainbow Championships"]
[Site "Box Hill"]
[Date "2000.06.06"]
[Round "5.8"]
[White "Goudy, Arthur"]
[Black "Gunawan, Andy"]
[Result "1/2-1/2"]
[WhiteElo "1355"]
[BlackElo "1472"]
[PlyCount "77"]
[EventDate "2000.??.??"]

1. e4 c5 2. Nf3 Nc6 3. d4 cxd4 4. Nxd4 d6 5. Bc4 Nf6 6. Nc3 e6 7. Bb3 a6 8. Be3
Be7 9. f4 Qc7 10. O-O b5 11. a3 O-O 12. f5 e5 13. Nde2 Bb7 14. Ng3 Na5 15. Qc1
Ng4 16. Nd5 Nxb3 17. Nxe7+ Qxe7 18. cxb3 Rac8 19. Qe1 d5 20. h3 Nxe3 21. Qxe3
d4 22. Qe2 Qg5 23. Kh2 Rc7 24. Rad1 Rfc8 25. Rd2 Rc1 26. Rf3 g6 27. Qd3 Re1 28.
Ne2 Qh4 29. g4 h5 30. Rg3 hxg4 31. Rxg4 Qf2+ 32. Rg2 Qe3 33. Qxe3 dxe3 34. Rd3
Bxe4 35. Rxe3 Bxg2 36. Kxg2 Rc6 37. Rxe5 gxf5 38. Kf2 Re6 39. Rxe6 1/2-1/2

[Event "Rainbow Championships"]
[Site "Box Hill"]
[Date "2000.06.06"]
[Round "5.9"]
[White "Symington, John"]
[Black "O'Connor, Phil"]
[Result "1-0"]
[WhiteElo "1403"]
[BlackElo "1427"]
[PlyCount "31"]
[EventDate "2000.??.??"]

1. e4 Nf6 2. Nc3 d6 3. Nf3 e6 4. d4 Nbd7 5. Bc4 c5 6. d5 e5 7. O-O Be7 8. Nh4
g6 9. Nf3 O-O 10. Qd2 Nh5 11. g3 f5 12. exf5 gxf5 13. Qh6 Nhf6 14. Ng5 Qe8 15.
Ne6 Ng4 16. Qg7# 1-0

[Event "Rainbow Championships"]
[Site "Box Hill"]
[Date "2000.06.06"]
[Round "5.10"]
[White "Sucevic, Andrew"]
[Black "Andrews, Paul"]
[Result "1-0"]
[WhiteElo "1415"]
[BlackElo "1207"]
[PlyCount "45"]
[EventDate "2000.??.??"]

1. e4 c5 2. Nf3 d6 3. d4 cxd4 4. Nxd4 Nc6 5. Nc3 Ne5 6. f4 Nc6 7. Bc4 e6 8. Bb3
Nf6 9. O-O g6 10. Be3 Bg7 11. Ndb5 Ke7 12. Qxd6+ Qxd6 13. Nxd6 Kxd6 14. e5+ Ke7
15. exf6+ Bxf6 16. Bc5+ Ke8 17. Nb5 Rb8 18. Nd6+ Kd7 19. Nxf7 Rg8 20. Rad1+ Kc7
21. Bd6+ Kb6 22. Bxb8 Nxb8 23. Bxe6 1-0